It ain't what you do it's where you do it (Record no. 67456)

MARC details
000 -LEADER
fixed length control field 00949cam a2200217 4500
001 - CONTROL NUMBER
control field ABS64189
008 - FIXED-LENGTH DATA ELEMENTS--GENERAL INFORMATION
fixed length control field 000000n2001 000 0 eng u
035 ## - SYSTEM CONTROL NUMBER
System control number (Sirsi) u113254
100 ## - MAIN ENTRY--PERSONAL NAME
Personal name Madine, V.
245 ## - TITLE STATEMENT
Title It ain't what you do it's where you do it
260 ## - PUBLICATION, DISTRIBUTION, ETC.
Date of publication, distribution, etc. 2001
490 ## - SERIES STATEMENT
Series statement Building
Volume/sequential designation 266(8188) 8 June 2001, 44-49(6)
520 ## - SUMMARY, ETC.
Summary, etc. Studies the findings of Mirza & Nacey's 2001 survey of quantity surveyors fees which shows that call out rates have risen but that levels in northern England are half those in London whilst overall fees remain low at about 2-3% of the construction cost. Includes regional figures for median hourly rates by job title and fees expressed as a percentage of total costs by contract type. Tables, diagrams.
590 ## - LOCAL NOTE (RLIN)
Local note ABS
650 ## - SUBJECT ADDED ENTRY--TOPICAL TERM
Topical term or geographic name entry element CHARGE-OUT RATES
650 ## - SUBJECT ADDED ENTRY--TOPICAL TERM
Topical term or geographic name entry element FEES
650 ## - SUBJECT ADDED ENTRY--TOPICAL TERM
Topical term or geographic name entry element PROFESSIONAL CHARGES
650 ## - SUBJECT ADDED ENTRY--TOPICAL TERM
Topical term or geographic name entry element QUANTITY SURVEYORS
690 ## - LOCAL SUBJECT ADDED ENTRY--TOPICAL TERM (OCLC, RLIN)
Topical term or geographic name as entry element Quantity surveying
9 (RLIN) 6263
942 ## - ADDED ENTRY ELEMENTS (KOHA)
Suppress in OPAC 0
Holdings
Withdrawn status Lost status Source of classification or shelving scheme Damaged status Not for loan Home library Current library Shelving location Date acquired Total Checkouts Full call number Barcode Date last seen Copy number Price effective from Koha item type
    Dewey Decimal Classification     London London Journal article 25/06/2001   ABS64189 113254-1001 06/08/2019 1 06/08/2019 Journal article